[Event "52nd Biel Festival 2019"]
[Site "Biel"]
[Date "2019.07.24"]
[Round "3.2"]
[White "Vidit, Santosh Gujrathi"]
[Black "Leko, Peter"]
[Result "1-0"]
[WhiteElo "2703"]
[BlackElo "2674"]
[Annotator "TA"]
[PlyCount "117"]
[EventDate "2019.07.22"]
[EventType "tourn"]
[EventCountry "SUI"]
[SourceTitle "playchess.com"]
[Source "ChessBase"]
[SourceQuality "1"]

{[%evp 11,117,4,8,5,10,0,30,31,25,25,24,29,48,50,76,35,39,36,56,16,64,58,60,45,133,111,146,135,125,118,156,128,147,153,224,229,214,209,219,204,349,329,271,232,353,320,455,447,442,360,441,453,436,427,423,226,229,220,212,200,208,175,219,117,204,95,150,129,143,108,356,345,375,224,239,234,237,238,229,226,217,220,213,221,216,227,207,191,174,201,240,240,239,235,288,283,288,286,351,351,1110,1055,866,957,839,814,754,784]} 1. c4 c5 2. g3 g6 3. Bg2 Bg7 4. Nc3 Nc6 5. Nf3 d6 6. O-O Rb8 7. a3 {A37: Symmetrical English vs ...g6: 4 Bg2 Bg7 5 Nf3} a6 8. Rb1 {[%cal Ba1b1,Bb1b3,Bb3a3,Ba3a8][%mdl 32]} b5 (8... Bf5 $5 {[%cal Rg7c3]} 9. d3 Nf6 $11) 9. cxb5 {White has an edge.} axb5 10. b4 cxb4 11. axb4 Nf6 12. d4 Bf5 13. Rb3 (13. d5 $5 {[%cal Rd5c6]} Bxb1 14. dxc6 $16) 13... d5 $146 ({Predecessor:} 13... Bg4 14. d5 Bxf3 15. exf3 Ne5 16. f4 Nc4 17. Ne2 O-O 18. Nd4 {0-1 (42) Fernandez,J (2420)-Spiridonov,N (2420) Decin 1977}) 14. Ne5 $36 {[%mdl 2048] White fights for an advantage.} Qb6 15. Be3 {White wants to play g4.} (15. Nxd5 Nxd5 16. Bxd5 Nxd4 $15) 15... Be6 16. Nd3 O-O 17. Nc5 Rfd8 (17... Ng4 $1 $14) 18. Ra3 $16 Ra8 19. Rxa8 Rxa8 20. Qb3 Qd8 21. Rc1 (21. Nxb5 $6 Qb8 $14) 21... Rc8 22. Nxb5 Qb6 (22... Bd7 $16 {is a better defense.} 23. Na3 (23. Bxd5 Nxd5 24. Qxd5 Be8 $16) 23... Bf5) 23. Nxe6 $18 fxe6 24. Bh3 Kf7 25. Rc5 Ra8 (25... Qb7 {was worth a try.} 26. Bf4 Nd8) 26. Bf4 Nd8 27. Bc7 Qb7 (27... Qa6 $142 28. Bxd8 Rxd8) 28. Qf3 Bh6 (28... h5 $142 29. Qf4 Kg8 30. Bxd8 Rxd8) 29. Be5 Bg7 30. Kg2 h5 31. g4 hxg4 32. Bxg4 Ra4 33. Qb3 (33. Bc7 $142 Ra8 34. Qf4) 33... Ra6 34. Bxf6 Bxf6 35. e3 Rb6 36. Be2 Nc6 37. Qa4 (37. h4 $1 $18) 37... Kg7 (37... Bh4 $16 38. h3 Qb8) 38. f4 (38. Nc3 $1 $18 {and the rest is easy.}) 38... Ra6 ({Better is} 38... Qb8 39. Rc1 Bh4) 39. Qb3 $16 {Black must now prevent Nc7!} Rb6 40. Bd3 Na7 $2 (40... Qb8 $16 {was necessary.}) 41. Nc7 $18 Rxb4 42. Nxe6+ (42. Qd1 $142 Rb2+ 43. Kf3) 42... Kf7 43. Nd8+ {[%mdl 64] Double Attack} Kg7 44. Qxd5 ({Inferior is} 44. Nxb7 Rxb3 45. Ba6 Rxe3 $11) 44... Qxd5+ 45. Rxd5 Rb3 46. Ne6+ Kh6 47. Nc5 Rb2+ 48. Kg3 Nc6 49. Rd7 Nb4 50. Bc4 {aiming for Rb7.} Nc2 51. Nd3 Rb1 52. Kf3 g5 53. fxg5+ Bxg5 {[#]} 54. Ne5 $1 Kg7 55. Rd8 {Hoping for Rg8+.} Bxe3 $2 {[#]} (55... Bf6 56. Rg8+ Kh7) 56. Rg8+ $1 {White is clearly winning.} ({Weaker is} 56. Bd3 Bxd4 57. Bxc2 Rf1+ 58. Ke4 Bxe5 $14) 56... Kh7 57. Rg6 {White threatens Bg8+ and mate.} Rb8 58. Bd3 {Intending Rg5+ and mate.} Rf8+ 59. Rf6+ $1 {Accuracy: White = 68%, Black = 43%.} 1-0

[Event "52nd Biel Festival 2019"]
[Site "Biel"]
[Date "2019.07.24"]
[Round "3.3"]
[White "Abdusattorov, Nodirbek"]
[Black "Shankland, Sam"]
[Result "1-0"]
[WhiteElo "2598"]
[BlackElo "2713"]
[Annotator "TA"]
[PlyCount "87"]
[EventDate "2019.07.22"]
[EventType "tourn"]
[EventCountry "SUI"]
[SourceTitle "playchess.com"]
[Source "ChessBase"]
[SourceQuality "1"]

{[%evp 9,87,12,12,15,20,14,27,24,25,-4,0,0,0,0,-1,0,5,-18,0,-18,13,24,37,20,21,17,15,21,97,105,100,88,91,83,95,98,133,122,153,164,223,219,214,216,212,197,198,204,237,226,218,128,121,128,126,110,110,96,123,129,209,166,173,124,213,207,196,181,231,230,216,209,368,354,328,314,429,429,1082,1028]} 1. e4 e5 2. Nf3 Nc6 3. Bb5 Nf6 4. d3 Bc5 5. c3 O-O 6. O-O {C65: Ruy Lopez: Berlin Defence (3...Nf6), unusual lines and 4 0-0 Bc5} Re8 7. Nbd2 a6 8. Bxc6 {White has an edge.} dxc6 9. Nb3 $146 ({Predecessor:} 9. Nc4 Nd7 10. Re1 Bf8 11. d4 exd4 12. cxd4 Nb6 13. Nxb6 cxb6 {1-0 (39) Anand,V (2779)-Giri,A (2797) Shamkir 2019}) 9... Bf8 10. Na5 Nd7 11. Bg5 f6 12. Be3 Kh8 13. Nh4 g6 14. Qd2 Be7 {With the idea ...f5.} 15. Nf3 c5 16. a4 Nb8 17. d4 c6 18. Nc4 b5 (18... Be6 $11 19. b3 exd4 20. cxd4 cxd4 21. Nxd4 (21. Qxd4 Qxd4 22. Nxd4 Bxc4 $11) (21. Bxd4 c5 $11) 21... Bxc4 22. bxc4 Nd7) 19. axb5 $16 {b6 is the strong threat.} cxb5 {Threatens to win with ...cxd4.} 20. Na5 exd4 21. cxd4 c4 22. d5 Kg8 23. Rfe1 Bg4 24. Nd4 Bd6 (24... Qc7 $142 25. Bf4 Qc5) 25. Nb7 $18 Bxh2+ 26. Kxh2 Qc7+ 27. Bf4 Qxb7 28. f3 Bc8 29. Qa5 {[%mdl 1024] White has strong compensation.} Bd7 30. Ra3 ({White should try} 30. b3 $1 $18) 30... Rc8 $16 31. Rae3 Be8 32. Ne6 Nd7 33. Nc7 $36 {[%mdl 2048] White has strong initiative.} Ra7 {[%cal Rc8c7] [#]} 34. d6 $1 {And now e5 would win.} Qb6 (34... Ne5 $16) 35. Qxb6 $18 Nxb6 36. e5 fxe5 (36... Raxc7 $16 {was called for.} 37. dxc7 Nd5) 37. Rxe5 ({Don't take} 37. Bxe5 $6 Bf7 $16) 37... Bf7 38. Be3 Rb7 {[#]} 39. Bxb6 $1 ({Weaker is} 39. Nxa6 Na4 $16) 39... Rxb6 40. d7 Rf8 $2 (40... Rd8) 41. Ne8 Rb8 42. Re7 g5 43. R1e5 h6 (43... Rd8 $142 44. Nd6 Bg6) 44. Nd6 {Accuracy: White = 79%, Black = 47%.} 1-0

[Event "52nd Biel Festival 2019"]
[Site "Biel"]
[Date "2019.07.24"]
[Round "3.4"]
[White "Maghsoodloo, Parham"]
[Black "Cori, Jorge"]
[Result "0-1"]
[WhiteElo "2656"]
[BlackElo "2686"]
[Annotator "TA"]
[PlyCount "84"]
[EventDate "2019.07.22"]
[EventType "tourn"]
[EventCountry "SUI"]

{[%evp 18,84,29,21,25,0,27,15,12,1,24,3,42,0,0,0,0,0,0,-10,53,50,43,0,0,0,0,0,0,0,0,-90,-89,-87,-52,-227,-219,-201,-218,-223,-200,-235,-213,-293,-309,-251,-225,-380,-340,-540,-529,-669,-635,-693,-682,-818,-816,-989,-962,-1009,-1000,-1361,-1303,-2695,-1976,-2715,-2559,-29994,-29995]} 1. e4 e6 2. d4 d5 3. e5 c5 4. c3 Nc6 5. Nf3 Bd7 6. Be2 f6 7. O-O fxe5 8. Nxe5 Nxe5 9. dxe5 Qc7 10. c4 d4 {C02: French: Advance Variation} (10... Qxe5 11. Re1 O-O-O 12. Nc3 Nf6 13. Bd3 Qd4 14. Be3 Qh4 15. g3 Qh3 16. Bf1 Qf5 17. Bd3 Qh3 18. Bf1 Qf5 19. Bd3 Qh3 20. Bf1 {½-½ (20) Muzychuk,M (2540)-Muzychuk,A (2569) St Petersburg 2018}) 11. Bf4 Ne7 12. Bd3 O-O-O {The position is equal.} 13. Nd2 h6 14. Ne4 $146 ({Predecessor:} 14. Bg3 g5 15. f4 Bg7 16. Qe2 gxf4 17. Bxf4 Nc6 18. Rae1 {1-0 (46) Prathamesh,S (2346)-Sitnikov,A (2462) Moscow 2006}) 14... Nf5 15. h3 g5 16. Bh2 Bc6 17. Re1 Be7 18. Nf6 h5 (18... Kb8 $11) 19. Nxh5 (19. Bxf5 $5 exf5 20. Qd3 $16) 19... Nh4 20. Re4 Bxe4 21. Bxe4 {[#]} d3 $1 {[%mdl 512]} 22. Nf6 {Black should prevent Qg4.} (22. Bxd3 Qc6) 22... Rd4 {Hoping for ...Qb6.} 23. Qg4 $1 {[%cal Rg4e6]} Nf5 $1 24. Bxf5 (24. Qf3 $11 Nh4 25. Qg4) 24... Rxg4 $17 25. Bxe6+ Kd8 26. Nxg4 $2 (26. Bxg4 $15 Bxf6 27. exf6) 26... Qb6 $1 $19 {[%csl LRb2,LRe6][%mdl 64] Double Attack} 27. Bf5 Qxb2 $40 {[%cal Rb2a1][%mdl 128] Black has strong attack.} 28. Rd1 d2 ({Not} 28... Qxa2 29. Rxd3+ Kc7 30. e6+ Kb6 31. Ne3 $11) 29. Kf1 Qxa2 30. Be6 Kc7 31. Ne3 Rd8 32. Ke2 $2 (32. Nd5+ Kb8 33. Nxe7) 32... Rd4 33. Nf5 {[#]} (33. Bf5 $142 b5 34. e6+ Kd8 35. cxb5) 33... Qc2 $1 {[%csl Gd4][%cal Rc2d3]} 34. f3 Qd3+ 35. Kf2 Kd8 36. g4 a5 37. h4 gxh4 38. Bd5 a4 39. e6 a3 40. Be5 a2 41. f4 Qc2 42. Nxe7 Qxd1 0-1

[Event "52nd Biel Festival 2019"]
[Site "Biel"]
[Date "2019.07.25"]
[Round "4.1"]
[White "Bogner, Sebastian"]
[Black "Cori, Jorge"]
[Result "1/2-1/2"]
[WhiteElo "2584"]
[BlackElo "2686"]
[Annotator "TA"]
[PlyCount "122"]
[EventDate "2019.07.22"]
[EventType "tourn"]
[EventCountry "SUI"]
[SourceTitle "playchess.com"]
[Source "ChessBase"]
[SourceQuality "1"]

{[%evp 26,122,28,6,37,22,35,16,29,17,9,14,31,14,30,31,73,33,30,36,37,30,35,32,30,18,30,9,28,28,29,18,22,0,21,22,34,26,35,35,42,42,39,39,84,54,40,0,0,0,44,45,80,58,50,0,20,8,18,0,13,15,18,13,13,5,8,0,0,0,0,0,0,0,0,0,0,0,0,0,0,0,0,0,0,0,0,0,0,0,0,0,0,0,0,0,0,0,0]} 1. d4 Nf6 2. c4 e6 3. g3 Be7 4. Bg2 d5 5. Nf3 O-O 6. O-O Nbd7 7. Qc2 c6 8. b3 b6 9. Bb2 Bb7 10. Nc3 Rc8 11. e4 Nxe4 12. Nxe4 dxe4 13. Qxe4 Qc7 14. Rad1 Rfd8 {E08: Closed Catalan: Main Line: 7 Qc2} (14... c5 15. d5 Bf6 16. Bc1 exd5 17. cxd5 Rfe8 18. Qc2 Qd8 19. Nd2 Bd4 20. Nc4 Nf6 21. Bb2 Bxb2 22. Qxb2 {½-½ (41) Haria,R (2450)-Lenderman,A (2637) chess.com INT 2019}) 15. Qe2 a5 $146 ({Predecessor:} 15... Nf6 16. Rd3 c5 17. Rfd1 cxd4 18. Nxd4 Bxg2 19. Kxg2 a6 20. Kg1 h6 21. Nf3 {½-½ (21) Kulikov,A-Jakovenko,D (2443) Moscow 2000}) 16. Rd2 a4 17. Rfd1 axb3 18. axb3 Re8 19. Rd3 h6 20. Re3 Red8 21. h4 (21. d5 $5 cxd5 22. cxd5 $11) 21... Bf6 22. Nd2 Ra8 23. Ne4 Be7 24. Nc3 Nf6 25. Red3 Ra5 26. Qd2 Bb4 27. Qc2 Raa8 28. Ne2 Be7 29. Nc3 b5 30. R3d2 bxc4 31. bxc4 Qa5 32. Rb1 Qc7 33. Rdd1 Ba6 34. Na4 Rab8 35. Ra1 Nd7 36. Ba3 Bxa3 37. Rxa3 Rb4 38. Bf1 Rdb8 39. Qc3 Bc8 40. Be2 Rb1 {The position is equal.} 41. Rxb1 Rxb1+ 42. Kg2 Rb8 43. c5 e5 44. dxe5 Nxe5 45. Nb6 Bf5 46. Qd4 Rd8 47. Qf4 Be6 48. Nc4 Bd5+ 49. Kh2 f6 50. Nxe5 fxe5 51. Qe3 Qf7 52. Kg1 Qf5 {[#] Threatens to win with ...Qb1+.} 53. Bf3 Qxf3 54. Qxf3 Bxf3 55. Rxf3 $11 {[%mdl 4096] Endgame KR-KR} Rd1+ 56. Kg2 Rc1 57. Rf5 Rxc5 58. h5 Rc1 59. Rxe5 Kf7 60. f4 c5 61. g4 Rc2+ {Accuracy: White = 54%, Black = 53%.} 1/2-1/2

[Event "52nd Biel Festival 2019"]
[Site "Biel"]
[Date "2019.07.25"]
[Round "4.3"]
[White "Leko, Peter"]
[Black "Abdusattorov, Nodirbek"]
[Result "1/2-1/2"]
[WhiteElo "2674"]
[BlackElo "2598"]
[Annotator "TA"]
[PlyCount "110"]
[EventDate "2019.07.22"]
[EventType "tourn"]
[EventCountry "SUI"]
[SourceTitle "playchess.com"]
[Source "ChessBase"]
[SourceQuality "1"]

{[%evp 15,110,0,22,25,33,29,33,27,23,20,34,25,35,19,41,26,31,29,35,40,44,27,31,25,45,60,62,60,58,56,62,57,66,57,73,45,100,101,106,0,0,0,47,0,0,0,0,0,0,-10,0,0,0,0,0,0,0,-14,0,-30,-31,-30,-31,-33,-32,-30,-10,-10,-9,-16,-14,-18,-14,-14,-13,-20,-13,-17,-20,-32,-16,-31,-8,-13,-8,-8,0,0,0,0,0,0,0,-9,0,-6,0]} 1. d4 Nf6 2. c4 e6 3. Nf3 b6 4. g3 Bb7 5. Bg2 Be7 6. O-O (6. Nc3 Ne4 7. Bd2 Bf6 8. O-O {½-½ (8) Yilmaz,M (2630)-Berkes,F (2678) Valjevo 2018}) 6... O-O 7. Nc3 Ne4 8. Bd2 Bf6 (8... d5 {is more complex.} 9. cxd5 exd5 10. Qc2 Nd7 11. Bf4 c5) 9. Re1 {E18: Queen's Indian: Old Main Line (4 g3 Bb7 5 Bg2 Be7 6 0-0 0-0 7 Nc3)} Nxd2 10. Qxd2 d6 11. e4 {White is slightly better.} g6 12. Rad1 Nd7 13. e5 Bg7 14. Qf4 Qe7 $146 ({Predecessor:} 14... dxe5 15. dxe5 Qe7 16. Nd4 Bxg2 17. Kxg2 {1-0 (34) Ernst,S (2541)-Beerdsen,T (2441) Maastricht 2018}) 15. exd6 cxd6 16. Nb5 e5 17. Qh4 Qxh4 18. Nxh4 Bxg2 19. Kxg2 a6 20. Nxd6 exd4 21. Nf3 $36 {[%mdl 2048] White is more active.} Rfd8 22. Nxd4 Ne5 $1 23. Nc2 Rd7 24. b4 {[%cal Bb2b4,Bb4c5][%mdl 32]} Rad8 25. c5 bxc5 (25... Nc6 $14) 26. bxc5 $16 Rc7 {[#]} 27. Ne4 ({White should try} 27. Nd4 $1 $16) 27... Nd3 $11 {[%mdl 64] Double Attack} 28. Kf1 {Hoping for Nb4!} f5 (28... Rdd7 $5 {[%cal Rd3e1]} 29. c6 Rd5 $11) 29. Ng5 {Black must now prevent Ne6.} (29. Nb4 $5 {[%cal Re4g5]} fxe4 30. Rxe4 $16) 29... Rcc8 $1 30. Re2 {aiming for Ne6.} Nxc5 31. Rxd8+ Rxd8 32. Nb4 Bf8 33. Rc2 Rd1+ 34. Ke2 Rd4 35. Nc6 Ra4 36. f3 Ra3 37. Nb4 h6 38. Nh3 Ne6 39. Nc6 Bc5 40. f4 Re3+ 41. Kf1 Kg7 42. Nd8 (42. Rb2 {keeps more tension.} Rf3+ 43. Nf2 g5 44. fxg5 hxg5 45. Ne5) 42... Nxd8 43. Rxc5 {[%mdl 4096] Endgame KRN-KRN} Ra3 44. Rc2 Ne6 45. Ng1 g5 46. Ne2 gxf4 47. gxf4 Kf6 48. Rb2 a5 49. Rb6 {The position is equal.} Ra4 50. Ra6 Ke7 51. Nc3 Rxf4+ 52. Kg1 {[#] And now Nd5+ would win.} Rg4+ 53. Kf1 Rf4+ 54. Kg1 {Nd5+ is the strong threat.} Rg4+ 55. Kf1 Rf4+ {Accuracy: White = 71%, Black = 58%.} 1/2-1/2

[Event "52nd Biel Festival 2019"]
[Site "Biel"]
[Date "2019.07.25"]
[Round "4.4"]
[White "Georgiadis, Nico"]
[Black "Vidit, Santosh Gujrathi"]
[Result "1/2-1/2"]
[WhiteElo "2514"]
[BlackElo "2703"]
[Annotator "TA"]
[PlyCount "132"]
[EventDate "2019.07.22"]
[EventType "tourn"]
[EventCountry "SUI"]
[SourceTitle "playchess.com"]
[Source "ChessBase"]
[SourceQuality "1"]

{[%evp 17,132,45,40,37,55,43,45,48,60,57,55,86,46,50,88,78,84,96,91,96,88,96,126,120,107,139,190,179,195,216,246,219,235,235,704,707,707,195,189,187,177,181,188,127,144,66,200,200,200,200,220,200,200,200,200,200,200,200,200,200,200,200,200,200,200,200,200,200,200,0,200,200,200,136,136,136,136,136,148,136,136,136,136,136,136,136,136,136,136,136,136,8,135,8,181,181,411,181,411,148,148,148,148,148,148,148,148,148,148,148,148,137,140,140,140,140,140]} 1. d4 Nf6 2. c4 g6 3. Nc3 d5 4. cxd5 Nxd5 5. e4 Nxc3 6. bxc3 Bg7 7. Nf3 c5 8. Bb5+ Nd7 9. O-O O-O 10. Re1 {D85: Exchange Grünfeld: Unusual White 7th moves and lines with 7 Nf3} Nb6 11. a4 $146 ({Predecessor:} 11. dxc5 a6 12. cxb6 axb5 13. Qxd8 Rxd8 14. e5 Be6 15. Bg5 Kf8 16. a3 Bc4 17. Be3 Rd5 {½-½ (76) Ragger,M (2694)-Sreeves,C (2356) Novi Sad 2016}) 11... Bg4 12. a5 {White is slightly better.} Nc8 13. e5 cxd4 14. cxd4 a6 15. Be2 Na7 16. d5 $36 {[%mdl 2048] White is on the roll.} Nb5 17. Bb2 Rc8 18. Qb3 Bxf3 19. Bxf3 (19. gxf3 $6 Qd7 $11) 19... Rc5 20. Qb4 $1 {[%cal Rb4c5]} Qc7 21. Rac1 Rc8 (21... Rxc1 $16 22. Rxc1 Qb8) 22. g3 $18 b6 23. Ba3 $1 {Threatens to win with axb6.} Qb7 24. axb6 (24. Rxc5 bxc5 25. Qa4 Qc7 $15) 24... Rxc1 25. Rxc1 (25. Bxc1 Bxe5 26. Bg5 Bd6 $14) 25... Nxa3 $2 (25... Rxc1+ 26. Bxc1 Bxe5) 26. Rxc8+ (26. Qxa3 Rxc1+ 27. Qxc1 Qxb6 $16) 26... Qxc8 27. Qxa3 $2 (27. d6 {Black must now prevent b7.} Bxe5 28. dxe7 (28. Qxa3 Bxd6 29. Qd3 Qf5 $11)) 27... Bxe5 28. Qxe7 Qb8 29. Qa7 a5 30. Qa6 ({Don't play} 30. Qxa5 $6 Bd4 $14) ({White should try} 30. Kg2 $18) 30... Kg7 {[#]} 31. b7 (31. d6 $1 $16 {[%cal Rd6d7]} Qxd6 32. Qxa5) 31... a4 (31... Bd6 $14) 32. d6 $1 {[%cal Rd6d7]} Qxd6 33. Qxa4 Qb6 34. Kg2 Bb8 35. Bd5 Qd6 36. Qc4 Qc7 37. Qe4 Qe5 38. Qd3 h5 39. h4 Qd6 40. Qb3 Qf6 41. Qa4 Qd6 42. Bb3 Qb6 43. Bd5 Qd6 $1 {[%cal Rd6d5]} 44. Qd4+ Qe5 45. Qxe5+ Bxe5 {[%mdl 4096] Endgame KB-KB} 46. Kf3 Bb8 47. Ke3 Kf6 48. Kd4 Ke7 49. Kc5 Ke8 50. Kb6 Ke7 51. Ba2 Ke8 52. Bc4 Ke7 53. Bb3 Ke8 54. f3 (54. Kb5 $16) 54... Ke7 (54... Bxg3 $11 {keeps the balance.} 55. Bc4 Bb8) 55. g4 (55. f4 $16) 55... hxg4 $2 (55... g5 $1 $11) 56. fxg4 Ke8 $2 (56... f5 57. gxf5 gxf5) 57. Kc6 (57. Bc2 $142 Ke7 58. Be4) 57... Ke7 $2 (57... f5 58. gxf5 gxf5) 58. g5 $2 (58. Bc2 $18 f5 59. gxf5 gxf5 60. Bd1 (60. Bxf5 Bf4 $16)) 58... Ke8 {White is clearly better.} 59. Kc5 Ke7 60. Kd4 Kf8 61. Ke3 Bc7 62. Kf3 Kg7 63. Kg4 Bb8 64. h5 gxh5+ 65. Kxh5 f6 {[#] intending ...fxg5.} 66. g6 $1 {Bc2 is the strong threat.} f5 {Accuracy: White = 53%, Black = 57%.} 1/2-1/2

[Event "52nd Biel Festival 2019"]
[Site "Biel"]
[Date "2019.07.28"]
[Round "5.1"]
[White "Vidit, Santosh Gujrathi"]
[Black "Bogner, Sebastian"]
[Result "1-0"]
[WhiteElo "2703"]
[BlackElo "2584"]
[Annotator "TA"]
[PlyCount "59"]
[EventDate "2019.07.22"]
[EventType "tourn"]
[EventCountry "SUI"]
[SourceTitle "playchess.com"]
[Source "ChessBase"]
[SourceQuality "1"]

{[%evp 9,59,33,20,6,6,6,23,9,8,10,16,0,0,0,0,0,0,0,0,0,0,0,0,0,0,0,22,18,158,153,510,506,481,468,443,464,662,637,591,405,400,411,403,413,375,395,2282,2252,1903,1201,29996,891]} 1. d4 d5 2. c4 c6 3. Nf3 Nf6 4. Nc3 a6 5. e3 Bf5 6. Nh4 {D15: Slav Defence: 4 Nc3 a6 and gambit lines after 4 Nc3 dxc4} (6. Qb3 Ra7 7. Nh4 Bc8 8. Bd2 e6 9. c5 Nbd7 10. Nf3 e5 11. Nxe5 Nxe5 12. dxe5 Nd7 13. Na4 Bxc5 14. Nxc5 Nxc5 {0-1 (84) Radjabov,T (2757)-Fedoseev,V (2724) Wijk aan Zee 2019}) 6... Bg4 7. Qc2 e6 8. h3 {White has an edge.} Bh5 9. g4 Nfd7 10. gxh5 {Nf3 is the strong threat.} Qxh4 11. Bd2 dxc4 12. Bxc4 c5 $146 ({Predecessor:} 12... Qxh5 13. Be2 Qh4 {1-0 (30) Gledura,B (2615)-Paehtz,E (2477) Wijk aan Zee 2019}) 13. O-O-O $36 {[%mdl 2048] White has some pressure.} Nc6 14. Rhg1 cxd4 15. exd4 Qxd4 16. Ne4 Nc5 $1 17. Ng5 Ne5 18. Be2 Ned3+ (18... h6 $11 19. Be3 {[%mdl 64] Pin} Qa4 20. Qxa4+ Nxa4) 19. Kb1 $16 {Black must now prevent Bc3.} Nb4 $2 (19... Nxf2 $16 {is more resistant.} 20. Bc3 Qa4) 20. Bxb4 $1 $18 Qxb4 21. Rg4 Qb6 22. h6 g6 (22... Qc7 $142 23. hxg7 Bxg7) 23. Qc3 Rg8 24. Nxh7 Bxh6 25. Nf6+ {[%mdl 64] Double Attack} Ke7 26. Rb4 ({Don't take} 26. Nxg8+ Rxg8 27. Rc4 Bg7 $18) 26... Qa5 27. Ne4 ({Much less strong is} 27. Nxg8+ Rxg8 28. a3 Qc7 $18) 27... Rac8 $2 (27... Rgd8 28. Qxc5+ Qxc5 29. Rxb7+ Kf8 30. Nxc5 Rxd1+ 31. Bxd1 Bg7) 28. Qf6+ Kf8 {[#]} 29. Nd6 $1 {[%csl Gd6][%cal Rf6f7][%mdl 576] Double Attack} Rc7 {[#]} 30. Nc4 {Accuracy: White = 72%, Black = 43%.} (30. Nf5 $142 $1 {[%mdl 512]} Rd7 (30... exf5 31. Rd8#) 31. Rxd7 Qxa2+ 32. Kxa2 Nxd7 33. Qe7#) 1-0

[Event "52nd Biel Festival 2019"]
[Site "Biel"]
[Date "2019.07.28"]
[Round "5.2"]
[White "Abdusattorov, Nodirbek"]
[Black "Georgiadis, Nico"]
[Result "1-0"]
[WhiteElo "2598"]
[BlackElo "2514"]
[Annotator "TA"]
[PlyCount "195"]
[EventDate "2019.07.22"]
[EventType "tourn"]
[EventCountry "SUI"]
[SourceTitle "playchess.com"]
[Source "ChessBase"]
[SourceQuality "1"]

{[%evp 19,195,0,0,0,10,5,20,7,0,0,0,-46,-27,-26,-26,-70,-20,-39,-38,-57,-46,-46,-46,-43,20,32,31,-6,-6,-5,0,0,0,0,0,0,0,0,0,0,0,-2,30,0,0,0,0,0,0,-16,-9,-10,62,61,43,44,54,4,41,17,15,17,31,0,0,0,18,-5,-10,-56,-47,-42,0,-8,-8,-8,-1,-1,0,0,0,-27,-27,-62,-62,-59,-52,-420,-433,-428,-379,-412,-407,-643,-647,-748,-764,-1191,-105,-131,-40,-36,0,0,0,0,0,0,0,0,0,0,0,0,0,0,0,0,0,-53,0,0,0,0,0,0,0,0,0,0,0,0,0,-19,-19,-19,-19,-46,-46,-46,-15,-15,0,0,0,0,0,0,0,0,0,0,0,0,0,0,8,8,9727,8141,6886,5709,12799,12792,12792,12785,12222,9439,6964,6288,5704,5697,5656,5604,5507,5443,5417,4634]} 1. e4 e5 2. Nf3 Nc6 3. Bb5 Nf6 4. Nc3 Bb4 5. O-O O-O 6. d3 d6 7. Bxc6 bxc6 8. Ne2 h6 9. Ng3 Re8 10. c3 Bc5 11. Re1 {C49: Four Knights: 4 Bb5 Bb4} a5 12. h3 (12. d4 exd4 13. cxd4 Bb6 14. h3 c5 15. d5 {½-½ (54) Svidler,P (2749)-Jumabayev,R (2525) Astana 2012}) 12... Be6 13. Qc2 $146 {The position is equal.} ({Predecessor:} 13. d4 exd4 14. Nxd4 Bd7 15. b3 {½-½ (49) Rudyak,I (2412)-Malashenkov,A (2413) ICCF email 2015}) 13... a4 14. Bd2 Bb6 15. c4 c5 16. Rf1 Nd7 17. Be3 c6 18. Kh2 d5 19. Rae1 Qe7 20. Ng1 Bc7 21. N1e2 dxc4 (21... d4 $15 22. Bd2 Reb8) 22. dxc4 $11 Nf8 23. Nf5 Bxf5 24. exf5 e4+ 25. Kg1 a3 26. b3 Qf6 27. Ng3 h5 $1 28. Qc1 h4 29. Bg5 Qd4 30. Ne2 Qd7 (30... Qb2 {feels hotter.} 31. Qd2 g6 32. fxg6 Nxg6 33. Nc3 Ba5) 31. Bxh4 Qxf5 32. Bg3 $36 {[%mdl 2048] White is more active.} Ba5 33. Rd1 Bb4 34. Qf4 Qxf4 35. Bxf4 Ng6 (35... Rad8 $11) 36. Be3 $14 f5 37. Rd6 Ne5 38. Rfd1 Rac8 39. Ng3 Rf8 40. Nh5 Nd3 41. Nf4 Nb2 $1 {[%cal Rb2d1]} 42. Rf1 Rfd8 43. Rxd8+ (43. Rg6 {is interesting.} Nd3 44. Nxd3 Rxd3 45. h4 Rc3 46. Rd6) 43... Rxd8 44. Ne6 Re8 45. Nc7 ({Avoid the trap} 45. Nxc5 $2 f4 $19) 45... Rd8 46. Na6 Kf7 47. g3 ({Much weaker is} 47. Bxc5 Bxc5 48. Nxc5 Rd2 $17) 47... Nd3 48. Rd1 Ra8 49. Nxb4 cxb4 $11 {[%mdl 4096] Endgame KRB-KRN} 50. f4 Ke6 51. g4 Rf8 52. Rf1 g6 53. Kh2 $2 {[%mdl 8192] [#]} (53. Bd2 $15) 53... g5 $1 $19 {[%cal Rg5f4][%mdl 512]} 54. fxg5 f4 55. g6 Ke5 56. Bb6 (56. Kg2 $142 c5 57. h4) 56... Kf6 57. h4 {intending h5.} Kxg6 58. Kg2 e3 $2 (58... c5 $19 {has better winning chances.} 59. Bxc5 Nxc5) 59. Kf3 $17 {[#]} ({But not} 59. Bxe3 $2 fxe3 60. Rxf8 e2 $19) 59... Ne5+ (59... Re8 $1 $17 60. Ke2 Nf2) 60. Ke2 $1 $15 f3+ (60... Rf7 $5 {[%cal Re5g4]} 61. Bc5 f3+ 62. Kxe3 Nxg4+ 63. Kd3 Kh5 64. Bxb4 Kxh4 65. Bxa3 f2 $17) 61. Kxe3 Nxg4+ 62. Ke4 f2 63. Kd3 $1 Rf3+ 64. Ke2 Rc3 {...Rc2+ is the strong threat.} 65. Kd2 Rf3 66. Ke2 Rc3 67. Kd2 Nf6 68. Bxf2 Ne4+ 69. Kd1 (69. Ke2 $11) 69... c5 ({Black should play} 69... Rh3 $15 70. Bg1 Rxh4) 70. Be1 Rd3+ 71. Ke2 Rh3 72. Rf4 Rh2+ 73. Kd3 Rxa2 {aiming for ...Nf6.} 74. Rxe4 $11 {KRB-KR} Rb2 75. Re6+ Kf5 76. Ra6 Rxb3+ 77. Ke2 Ke4 {Hoping for ...Rb2+.} 78. h5 Re3+ 79. Kd2 Rh3 {Threatens to win with ...Kd4.} 80. Bf2 $1 Rh2 81. Ke2 Rxh5 82. Re6+ Kf5 (82... Re5 $5 83. Ra6 $8 Rh5 $11) 83. Ra6 Ke4 84. Re6+ Re5 (84... Kf5 $5 85. Ra6 $8 Rh2 $11) 85. Ra6 Kf4+ 86. Kd3 Kf3 87. Bg1 Kg4 88. Ra5 Kf3 $2 {[%mdl 8192]} (88... b3 $11 89. Rxa3 Re1) 89. Bxc5 $18 {White is clearly winning.} a2 90. Rxa2 Rxc5 {KR-KR} 91. Rb2 Kf4 92. Rxb4 Ke5 93. Rb6 Ra5 94. Kc3 Ra1 {[#]} 95. Kb4 $1 Rb1+ 96. Kc5 Rc1 97. Rh6 Rc2 98. Kb5 {Accuracy: White = 64%, Black = 57%.} 1-0